| 000 | 00548caa a22001572a 4500 | ||
|---|---|---|---|
| 001 | 019095 | ||
| 003 | AR-FADEU | ||
| 008 | 311216n########xxu####################dd | ||
| 092 |
_a982 _bH673 |
||
| 100 | _aGelman, Jorge | ||
| 245 | _aFronteras, estancias y saladeros : la expansión de la frontera bonaerense | ||
| 300 | _aPP. 510-520 | ||
| 500 | _aEn: Historia visual de la Argentina, cap. 38 / Buenos Aires : Clarín | ||
| 942 | _cBDGR | ||
| 999 |
_c24825 _d24825 |
||
| 773 | 0 |
_024801 _924541 _a _b _dBuenos Aires _o8258 _tHISTORIA visual de la Argentina _w( AR-FADEU) 019071 _x _z |
|